000 00576nam a2200169Ia 4500
020 _a(hb)
082 _a954.031
_bCAM
245 _aThe Cambridge history of India
260 _aCambridge:
_bThe University Press
_c1922
300 _aLibrary has: 1-3-4-5-6.
500 _aVol.1.-- Ancient India. Vo.3-- Turks and Afghans. Vo.4-- The Mughul period. Vol.5-- British India 1497-1858. Vol.6-- The Indian empire
526 _a0
_b0
_c0
_d954_031000000000000_CAM
650 _aIndia -- History
_96814
650 _aMCE
_9379
700 _aRapson, E. J.
_950393
942 _2ddc
_cBK
999 _c553124
_d553124